<?xml version="1.0" encoding="UTF-8"?>
<marc:record xmlns:marc="http://www.loc.gov/MARC21/slim">
   <marc:leader>00000nam a2200000 a 4500</marc:leader>
   <marc:datafield ind1="1" ind2=" " tag="100">
      <marc:subfield code="a">Yanagihara, Hanya</marc:subfield>
      <marc:subfield code="4">aut</marc:subfield>
      <marc:subfield code="e">Verfasser/-in</marc:subfield>
   </marc:datafield>
   <marc:datafield ind1="0" ind2="0" tag="245">
      <marc:subfield code="a">Ein wenig Leben</marc:subfield>
   </marc:datafield>
   <marc:datafield ind1="0" ind2="0" tag="245">
      <marc:subfield code="b">Roman</marc:subfield>
   </marc:datafield>
   <marc:datafield ind1=" " ind2="1" tag="264">
      <marc:subfield code="b">Hanser Berlin</marc:subfield>
      <marc:subfield code="c">2016</marc:subfield>
   </marc:datafield>
   <marc:datafield ind1="1" ind2=" " tag="520">
      <marc:subfield code="a">"Ein wenig Leben" handelt von der lebenslangen Freundschaft zwischen vier Männern in New York, die sich am College kennengelernt haben. Jude St. Francis, brillant und enigmatisch, ist die charismatische Figur im Zentrum der Gruppe - ein aufopfernd liebender und zugleich innerlich zerbrochener Mensch. Immer tiefer werden die Freunde in Judes dunkle, schmerzhafte Welt hineingesogen, deren Ungeheuer nach und nach hervortreten. "Ein wenig Leben" ist ein rauschhaftes, mit kaum fasslicher Dringlichkeit erzähltes Epos über Trauma, menschliche Güte und Freundschaft als wahre Liebe. Es begibt sich an die dunkelsten Orte, an die Literatur sich wagen kann, und bricht dabei immer wieder zum hellen Licht durch.</marc:subfield>
   </marc:datafield>
   <marc:datafield ind1=" " ind2=" " tag="020">
      <marc:subfield code="a">9783446254718</marc:subfield>
      <marc:subfield code="9">9783446254718</marc:subfield>
   </marc:datafield>
</marc:record>
